We are all revolutionaries here : (Record no. 140874)

MARC details
000 -LEADER
fixed length control field 00680nam a22001937a 4500
005 - DATE AND TIME OF LATEST TRANSACTION
control field 20170608124822.0
010 ## - LCCN (DPL NO)
LC control number ENG-118574
020 ## - INTERNATIONAL STANDARD BOOK NUMBER
International Standard Book Number 9789386062482
Terms of availability 695.00
035 ## - SYSTEM CONTROL NUMBER
System control number EN-102106
037 ## - SOURCE OF ACQUISITION
Source of stock number/acquisition DBAD/PUB
082 ## - DEWEY DECIMAL CLASSIFICATION NUMBER
Classification number 920.72
100 ## - MAIN ENTRY--PERSONAL NAME
Personal name Aneela Zeb Babaar
245 ## - TITLE STATEMENT
Title We are all revolutionaries here :
Remainder of title militarism,political Islam and gender in Pakistan /
Statement of responsibility, etc by Aneela Zeb Babaar
260 ## - PUBLICATION, DISTRIBUTION, ETC. (IMPRINT)
Place of publication, distribution, etc New Delhi
Name of publisher, distributor, etc SAGE Publications
Date of publication, distribution, etc 2017
270 ## - ADDRESS
Address B1/1-1 Mohan Cooperative Industrial Area Mathura Road
City New Delhi
Postal code 110044
300 ## - PHYSICAL DESCRIPTION
Extent xii,181p.
Dimensions 23cm(Hb)
500 ## - GENERAL NOTE
General note Includes bibliographical references and index
942 ## - ADDED ENTRY ELEMENTS (KOHA)
Source of classification or shelving scheme Dewey Decimal Classification
Item type English Books
Classification part 920.72
Call number suffix ANE
Holdings
Withdrawn status Lost status Not for loan Collection code Home library Current library Date acquired Source of acquisition Cost, normal purchase price Full call number Barcode Copy number Cost, replacement price Koha item type
    Not For Loan Non-fiction D.B.Act.Division Bawana 08/06/2017 DBAD/PUB 695.00 920.72 ANE EN-102106 1 695.00 English Books

© Delhi Public Library
Hit Counter
free hit counter